[Event "RUS-ch Higher League (Women) 75th"]
[Site "Lipetsk"]
[Date "2025.06.26"]
[Round "1"]
[White "Vasilieva, Arina"]
[Black "Zhapova, Yana"]
[Result "0-1"]
[WhiteElo "2011"]
[BlackElo "2251"]
[PlyCount "62"]
[EventDate "2025.06.26"]
[EventType "swiss"]
[EventRounds "9"]
[EventCountry "RUS"]
[SourceTitle "CB28_2025"]
[SourceDate "2025.07.09"]
[SourceVersion "1"]
[SourceVersionDate "2025.07.09"]
[SourceQuality "1"]

1. e4 c6 2. d4 d5 3. e5 c5 4. dxc5 e6 5. a3 Bxc5 6. b4 Bb6 7. Bd3 Ne7 8. Nf3 Ng6 9. Bb2 Nc6 10. b5 Nce7 11. Nbd2 Bd7 12. g3 a6 13. a4 Nf5 14. 0-0 0-0 15. c4 dxc4 16. Nxc4 Bc5 17. Qb3 Rc8 18. Rac1 axb5 19. axb5 Bxb5 20. Bxf5 Bxc4 21. Rxc4 exf5 22. Rfc1 Qd5 23. Qc3 b6 24. Ne1 Rfd8 25. Ng2 Rc7 26. Ne3 Qe6 27. Qc2 f4 28. Nf5 fxg3 29. hxg3 Bxf2+ 30. Qxf2 Rxc4 31. Rf1 Nf4 0-1

[Event "Asia-ch (Women)"]
[Site "Al Ain"]
[Date "2025.05.12"]
[Round "6"]
[White "Imomkuzieva, Nilufarkhon"]
[Black "Zhapova, Yana"]
[Result "0-1"]
[WhiteElo "2080"]
[BlackElo "2258"]
[PlyCount "90"]
[EventDate "2025.05.07"]
[EventType "swiss"]
[EventRounds "9"]
[EventCountry "UAE"]
[SourceTitle "CB21_2025"]
[SourceDate "2025.05.21"]
[SourceVersion "1"]
[SourceVersionDate "2025.05.21"]
[SourceQuality "1"]

1. e4 e5 2. Nf3 Nc6 3. Bc4 Nf6 4. d3 Be7 5. c3 0-0 6. 0-0 d6 7. Nbd2 Na5 8. Bb5 a6 9. Ba4 b5 10. Bc2 c5 11. Re1 Nc6 12. Nf1 Re8 13. Ng3 Bf8 14. h3 Qc7 15. Nh2 Be6 16. f4 exf4 17. Bxf4 g6 18. Rf1 Bg7 19. Qd2 Nd7 20. Nf3 Nde5 21. Bh6 Bh8 22. Ne2 Nxf3+ 23. Rxf3 Ne5 24. Rf2 d5 25. Qg5 dxe4 26. dxe4 Bc4 27. Qg3 Bxe2 28. Rxe2 Bg7 29. Bf4 Qc6 30. Rd1 Re6 31. Rd5 Rae8 32. Qf2 c4 33. Red2 Nd3 34. Bxd3 cxd3 35. R5xd3 Rxe4 36. Re3 Bf8 37. Rxe4 Qxe4 38. Kh2 Bc5 39. Qf1 Qf5 40. Rd1 h5 41. Bc7 Bf2 42. h4 Qg4 43. g3 Re2 44. Kh1 Bc5 45. Bf4 Qe6 0-1

[Event "RUS-chT (Women)"]
[Site "Sochi"]
[Date "2025.05.04"]
[Round "8.1"]
[White "Zhapova, Yana"]
[Black "Potapova, Margarita"]
[Result "1/2-1/2"]
[WhiteElo "2244"]
[BlackElo "2226"]
[PlyCount "69"]
[EventDate "2025.04.26"]
[EventType "team-swiss"]
[EventRounds "9"]
[EventCountry "RUS"]
[SourceTitle "CB19_2025"]
[SourceDate "2025.05.07"]
[SourceVersion "1"]
[SourceVersionDate "2025.05.07"]
[SourceQuality "1"]
[WhiteTeam "Novosibirsk GAU (W)"]
[BlackTeam "Krasnodar Region (W)"]
[WhiteTeamCountry "RUS"]
[BlackTeamCountry "RUS"]

1. e4 c6 2. d4 d5 3. e5 Bf5 4. Nf3 e6 5. Be2 c5 6. 0-0 Nc6 7. c3 cxd4 8. Nxd4 Nge7 9. Bb5 Qc7 10. Na3 a6 11. Bxc6+ bxc6 12. Be3 Be4 13. c4 dxc4 14. Nxc4 Nd5 15. Qa4 Qd7 16. Rfd1 c5 17. Qxd7+ Kxd7 18. Nb3 Kc6 19. Rac1 Nxe3 20. Nxe3 a5 21. Nxc5 Bxc5 22. Rd6+ Kb5 23. a4+ Kb4 24. Rc4+ Kb3 25. Rxc5 Rhc8 26. Rb6+ Ka2 27. Rxc8 Rxc8 28. f3 Bg6 29. Kf2 Rc1 30. Rb5 Rb1 31. Rxa5 Rxb2+ 32. Kg3 Rb3 33. Kf2 Rb2+ 34. Kg3 Rb3 35. Kf2 1/2-1/2

[Event "RUS-chT (Women)"]
[Site "Sochi"]
[Date "2025.04.28"]
[Round "3.1"]
[White "Zhapova, Yana"]
[Black "Kovalevskaya, Ekaterina"]
[Result "1/2-1/2"]
[WhiteElo "2244"]
[BlackElo "2265"]
[PlyCount "95"]
[EventDate "2025.04.26"]
[EventType "team-swiss"]
[EventRounds "9"]
[EventCountry "RUS"]
[SourceTitle "CB19_2025"]
[SourceDate "2025.05.07"]
[SourceVersion "1"]
[SourceVersionDate "2025.05.07"]
[SourceQuality "1"]
[WhiteTeam "Novosibirsk GAU (W)"]
[BlackTeam "Moscow ShSM (W)"]
[WhiteTeamCountry "RUS"]
[BlackTeamCountry "RUS"]

1. e4 c5 2. Nf3 Nc6 3. Bb5 g6 4. Bxc6 bxc6 5. 0-0 Bg7 6. Re1 Qc7 7. e5 f6 8. d4 cxd4 9. Bf4 Qb6 10. Nbd2 Ba6 11. exf6 Nxf6 12. Bd6 0-0 13. Bxe7 Rfe8 14. Nb3 d3 15. cxd3 Nd5 16. Bc5 Qb5 17. Bd4 Qxd3 18. Bxg7 Qxd1 19. Raxd1 Kxg7 20. Ne5 Re7 21. Nxd7 Rxd7 22. Nc5 Rad8 23. Nxa6 Nf6 24. Rxd7+ Rxd7 25. h3 Rd2 26. Re7+ Kh6 27. Rxa7 Ne4 28. f3 Ng3 29. Nc5 Rxb2 30. Ne6 Rb1+ 31. Kf2 Nh1+ 32. Ke2 Rb2+ 33. Ke3 Rxg2 34. Nf8 Kg5 35. f4+ Kh4 36. Rxh7+ Kg3 37. Nxg6 Rxa2 38. f5 Rf2 39. Ke4 Rf1 40. Ke5 Re1+ 41. Kf6 Nf2 42. Kg7 Nxh3 43. f6 Ng5 44. Rh5 Kg4 45. Rh4+ Kf5 46. Rf4+ Ke6 47. Ra4 Rg1 48. Ra5 1/2-1/2

[Event "RUS-chT (Women)"]
[Site "Sochi"]
[Date "2025.04.27"]
[Round "2.1"]
[White "Iljushina, Olga"]
[Black "Zhapova, Yana"]
[Result "0-1"]
[WhiteElo "2035"]
[BlackElo "2244"]
[PlyCount "102"]
[EventDate "2025.04.26"]
[EventType "team-swiss"]
[EventRounds "9"]
[EventCountry "RUS"]
[SourceTitle "CB19_2025"]
[SourceDate "2025.05.07"]
[SourceVersion "1"]
[SourceVersionDate "2025.05.07"]
[SourceQuality "1"]
[WhiteTeam "Samara Region (W)"]
[BlackTeam "Novosibirsk GAU (W)"]
[WhiteTeamCountry "RUS"]
[BlackTeamCountry "RUS"]

1. d4 Nf6 2. c4 e6 3. Nc3 Bb4 4. e3 0-0 5. Bd2 b6 6. Bd3 Bb7 7. Nf3 d5 8. cxd5 exd5 9. 0-0 Re8 10. Ne5 Bf8 11. f4 c5 12. Be1 Nc6 13. Bb5 Qd6 14. Bh4 cxd4 15. exd4 Be7 16. Rc1 Rec8 17. Re1 Na5 18. Qe2 Ne4 19. Qh5 Bxh4 20. Qxh4 Qb4 21. Nxe4 dxe4 22. Bd7 Qxd4+ 23. Qf2 e3 24. Rxc8+ Rxc8 25. Qxe3 Qxb2 26. Nc6 Rf8 27. Qe8 g6 28. Qe5 Qxe5 29. Nxe5 Bd5 30. a4 Rd8 31. Rc1 Nc4 32. Nxc4 Rxd7 33. Ne5 Re7 34. a5 f6 35. Ng4 Kg7 36. axb6 axb6 37. Rd1 Be6 38. Re1 Kf7 39. Nh6+ Kf8 40. g4 Bc4 41. Ra1 b5 42. g5 f5 43. Ra8+ Re8 44. Ra7 b4 45. Rxh7 b3 46. Rb7 Re2 47. Rb8+ Ke7 48. Ng8+ Bxg8 49. Kf1 Rxh2 50. Ke1 b2 51. Kd1 Ba2 0-1

[Event "RUS-ch U20 Girls"]
[Site "Barnaul"]
[Date "2025.03.30"]
[Round "9"]
[White "Zhapova, Yana"]
[Black "Borisova, Polina A"]
[Result "1-0"]
[WhiteElo "2234"]
[BlackElo "2034"]
[PlyCount "93"]
[EventDate "2025.03.22"]
[EventType "tourn"]
[EventRounds "9"]
[EventCountry "RUS"]
[SourceTitle "CB14_2025"]
[SourceDate "2024.11.01"]
[SourceVersion "1"]
[SourceVersionDate "2024.11.01"]
[SourceQuality "1"]

1. e4 c5 2. Nf3 d6 3. d4 cxd4 4. Nxd4 Nf6 5. Nc3 a6 6. Bg5 e6 7. Qf3 Be7 8. 0-0-0 Nbd7 9. g4 h6 10. Bd2 Qc7 11. a3 Ne5 12. Qg2 Bd7 13. f4 Nc6 14. Nb3 b5 15. g5 hxg5 16. fxg5 Nh5 17. g6 0-0-0 18. gxf7 Bf6 19. Be2 Ne5 20. Bg5 Bxg5+ 21. Qxg5 Nxf7 22. Qe7 Ne5 23. Rhf1 Nf6 24. Qxg7 Nfg4 25. Bxg4 Rdg8 26. Qe7 Rxg4 27. Rf8+ Rxf8 28. Qxf8+ Kb7 29. Qxd6 Qxd6 30. Rxd6 Rg1+ 31. Rd1 Rxd1+ 32. Nxd1 Kb6 33. Nf2 Nf3 34. h3 e5 35. Kd1 a5 36. Nd2 Nd4 37. c3 Ne6 38. Nf3 Nf4 39. h4 Be8 40. Kd2 Bh5 41. Nxe5 Ng2 42. Nd7+ Kc6 43. Nf6 Bf7 44. h5 Nf4 45. Nd3 Nxh5 46. Nxh5 Bxh5 47. Ke3 1-0

[Event "RUS-ch U20 Girls"]
[Site "Barnaul"]
[Date "2025.03.27"]
[Round "6"]
[White "Khafizova, Diana"]
[Black "Zhapova, Yana"]
[Result "0-1"]
[WhiteElo "2087"]
[BlackElo "2234"]
[PlyCount "82"]
[EventDate "2025.03.22"]
[EventType "tourn"]
[EventRounds "9"]
[EventCountry "RUS"]
[SourceTitle "CB14_2025"]
[SourceDate "2024.11.01"]
[SourceVersion "1"]
[SourceVersionDate "2024.11.01"]
[SourceQuality "1"]

1. d4 Nf6 2. c4 e6 3. Nf3 Bb4+ 4. Bd2 Qe7 5. g3 Nc6 6. Bg2 Bxd2+ 7. Nbxd2 d6 8. 0-0 a5 9. Qc2 0-0 10. a3 e5 11. d5 Nb8 12. b4 e4 13. Nd4 e3 14. Ne4 axb4 15. axb4 Rxa1 16. Rxa1 Na6 17. Rb1 exf2+ 18. Nxf2 Re8 19. Bf3 h5 20. Kg2 h4 21. Nf5 Qe5 22. g4 h3+ 23. Kh1 g6 24. Ng3 Qe3 25. Nfe4 Nxe4 26. Nxe4 Re5 27. Rb3 Qf4 28. Nf2 Nxb4 29. Qc3 Na2 30. Qc2 Nc1 31. Nxh3 Qh6 32. Rc3 Qxh3 33. Qxc1 Bxg4 34. Bg2 Qh4 35. e4 b6 36. Qg1 Bf5 37. Re3 Bxe4 38. Bxe4 Rxe4 39. Rg3 Re2 40. Rg4 Qf6 41. Rg3 Rf2 0-1

[Event "RUS-ch U20 Girls"]
[Site "Barnaul"]
[Date "2025.03.22"]
[Round "1"]
[White "Tabermakova, Leila"]
[Black "Zhapova, Yana"]
[Result "0-1"]
[WhiteElo "2082"]
[BlackElo "2234"]
[PlyCount "78"]
[EventDate "2025.03.22"]
[EventType "tourn"]
[EventRounds "9"]
[EventCountry "RUS"]
[SourceTitle "CB14_2025"]
[SourceDate "2024.11.01"]
[SourceVersion "1"]
[SourceVersionDate "2024.11.01"]
[SourceQuality "1"]

1. e4 e6 2. d4 d5 3. Nc3 Nf6 4. e5 Nfd7 5. f4 c5 6. Nf3 Nc6 7. Be3 a6 8. Qd2 b5 9. Nd1 b4 10. Be2 Qb6 11. c3 bxc3 12. Nxc3 Rb8 13. Rb1 Be7 14. 0-0 cxd4 15. Nxd4 Nxd4 16. Bxd4 Bc5 17. Rfd1 Bxd4+ 18. Qxd4 g5 19. Qxb6 Rxb6 20. fxg5 Nxe5 21. b4 Bd7 22. a4 Rc6 23. Rb3 Ke7 24. b5 axb5 25. axb5 Rc5 26. Bf1 Rb8 27. Rdb1 Nc4 28. Bxc4 Rxc4 29. Nd1 Rxb5 30. Rxb5 Bxb5 31. Ne3 Rc5 32. Rb4 e5 33. Rh4 d4 34. Nf5+ Ke6 35. Ng7+ Kd7 36. Kf2 Rc2+ 37. Kg3 d3 38. Nf5 d2 39. Ne3 Rc3 0-1

[Event "Samarkand (Women) op 3rd"]
[Site "Samarkand"]
[Date "2025.03.16"]
[Round "7"]
[White "Zhapova, Yana"]
[Black "Yakubbaeva, Nilufar"]
[Result "1/2-1/2"]
[WhiteElo "2234"]
[BlackElo "2179"]
[PlyCount "42"]
[EventDate "2025.03.09"]
[EventType "swiss"]
[EventRounds "9"]
[EventCountry "UZB"]
[SourceTitle "CB13_2025"]
[SourceDate "2025.03.26"]
[SourceVersion "1"]
[SourceVersionDate "2025.03.26"]
[SourceQuality "1"]

1. e4 e5 2. Nf3 Nc6 3. Bc4 Bc5 4. d3 d6 5. c3 Bb6 6. 0-0 Nf6 7. a4 a5 8. Re1 0-0 9. h3 h6 10. Na3 Be6 11. Bxe6 fxe6 12. d4 exd4 13. cxd4 d5 14. e5 Ne4 15. Nb5 Qe8 16. Be3 Qh5 17. Nc3 Rad8 18. Nh2 Qf7 19. Nf3 Qh5 20. Nh2 Qf7 21. Nf3 Qh5 1/2-1/2

[Event "RUS Cup tt (Women)"]
[Site "Sochi"]
[Date "2024.11.29"]
[Round "3.1"]
[White "Zhapova, Yana"]
[Black "Gubernatorova, Lyudmila"]
[Result "1/2-1/2"]
[WhiteElo "2243"]
[BlackElo "2132"]
[PlyCount "72"]
[EventDate "2024.11.27"]
[EventType "team-tourn"]
[EventRounds "7"]
[EventCountry "RUS"]
[SourceTitle "CB50_2024"]
[SourceDate "2024.11.01"]
[SourceVersion "1"]
[SourceVersionDate "2024.11.01"]
[SourceQuality "2"]
[WhiteTeam "Novosibirsk Region (W)"]
[BlackTeam "Sochi (W)"]
[WhiteTeamCountry "RUS"]
[BlackTeamCountry "RUS"]

1. e4 e5 2. Nf3 Nf6 3. Nxe5 d6 4. Nd3 Nxe4 5. Qe2 Qe7 6. Nf4 Nf6 7. d4 Qxe2+ 8. Bxe2 Be7 9. Bd3 Nc6 10. c3 Bd7 11. Na3 a6 12. Nc4 Nd8 13. f3 Ne6 14. Be3 Nxf4 15. Bxf4 Nd5 16. Bd2 Nf6 17. h4 h5 18. 0-0-0 0-0-0 19. g3 Rde8 20. Kc2 Bd8 21. Ne3 g6 22. c4 c6 23. Ng2 d5 24. Nf4 Bc7 25. c5 Ng8 26. Rdg1 Nh6 27. Ne2 Bf5 28. Rh2 Bxd3+ 29. Kxd3 Nf5 30. b4 Re6 31. a4 Rhe8 32. Rf2 Kd7 33. Bc1 R6e7 34. Bd2 Re6 35. Bc1 R6e7 36. Bd2 Re6 1/2-1/2

[Event "RUS Cup tt (Women)"]
[Site "Sochi"]
[Date "2024.11.28"]
[Round "2.5"]
[White "Bodnaruk, Anastasia"]
[Black "Zhapova, Yana"]
[Result "1-0"]
[WhiteElo "2333"]
[BlackElo "2243"]
[PlyCount "81"]
[EventDate "2024.11.27"]
[EventType "team-tourn"]
[EventRounds "7"]
[EventCountry "RUS"]
[SourceTitle "CB50_2024"]
[SourceDate "2024.11.01"]
[SourceVersion "1"]
[SourceVersionDate "2024.11.01"]
[SourceQuality "2"]
[WhiteTeam "SSh po Shakhmatam (W)"]
[BlackTeam "Novosibirsk Region (W)"]
[WhiteTeamCountry "RUS"]
[BlackTeamCountry "RUS"]

1. e4 e5 2. Nf3 Nc6 3. Bb5 Nf6 4. d3 Bc5 5. Bg5 h6 6. Bh4 Nd4 7. Nxd4 Bxd4 8. c3 Bb6 9. Nd2 c6 10. Ba4 d6 11. Nc4 Bc7 12. Ne3 Be6 13. Qf3 g5 14. Bg3 h5 15. h3 Nd7 16. d4 exd4 17. cxd4 Ba5+ 18. Kf1 Nb6 19. Bb3 d5 20. Nf5 Kd7 21. Nd6 Qe7 22. Nxb7 Bb4 23. exd5 Nxd5 24. a3 Kc8 25. axb4 Qxb7 26. Kg1 Kd7 27. h4 g4 28. Qd3 Qxb4 29. Kh2 a5 30. Rac1 a4 31. Bxd5 Bxd5 32. Rc5 f6 33. Qf5+ Ke7 34. Rxd5 cxd5 35. Rc1 Ra7 36. Rc6 Qxd4 37. Re6+ Kd8 38. Be5 fxe5 39. Qf6+ Kc8 40. Qxh8+ Kd7 41. Qe8+ 1-0

[Event "Wch U16 Girls"]
[Site "Florianopolis"]
[Date "2024.11.07"]
[Round "9"]
[White "Khamdamova, Afruza"]
[Black "Zhapova, Yana"]
[Result "1-0"]
[WhiteElo "2330"]
[BlackElo "2183"]
[PlyCount "75"]
[EventDate "2024.10.29"]
[EventType "swiss"]
[EventRounds "11"]
[EventCountry "BRA"]
[SourceTitle "CB45_2024"]
[Source "ChessBase"]
[SourceDate "2024.11.06"]
[SourceVersion "1"]
[SourceVersionDate "2024.11.06"]
[SourceQuality "1"]

1. e4 c6 2. d4 d5 3. Nc3 dxe4 4. Nxe4 Nf6 5. Nxf6+ exf6 6. Be3 Bd6 7. Bd3 0-0 8. Ne2 Re8 9. c4 Nd7 10. Qc2 Nf8 11. 0-0-0 Be6 12. Kb1 Rc8 13. Nc3 Bb4 14. Ne4 b5 15. c5 Qd5 16. b3 Rcd8 17. Nd6 Rxd6 18. cxd6 Qxd6 19. Be4 Bd7 20. g3 g6 21. Bf4 Qe7 22. f3 Ne6 23. Bc1 Rc8 24. g4 c5 25. dxc5 Nxc5 26. Bb2 a5 27. Qf2 a4 28. Bd5 axb3 29. axb3 Ne6 30. Rc1 Re8 31. Rhd1 Nf4 32. Bc6 Bxc6 33. Rxc6 Ba3 34. Bxf6 Qb4 35. Qc2 Ne6 36. Rc8 Rxc8 37. Qxc8+ Nf8 38. Qc3 1-0

[Event "Wch U16 Girls"]
[Site "Florianopolis"]
[Date "2024.11.05"]
[Round "7"]
[White "Novomeska, Karin"]
[Black "Zhapova, Yana"]
[Result "0-1"]
[WhiteElo "1943"]
[BlackElo "2183"]
[PlyCount "66"]
[EventDate "2024.10.29"]
[EventType "swiss"]
[EventRounds "11"]
[EventCountry "BRA"]
[SourceTitle "CB45_2024"]
[Source "ChessBase"]
[SourceDate "2024.11.06"]
[SourceVersion "1"]
[SourceVersionDate "2024.11.06"]
[SourceQuality "1"]

1. d4 Nf6 2. c4 e6 3. Nc3 Bb4 4. a3 Bxc3+ 5. bxc3 c5 6. f3 b6 7. e4 d6 8. Bg5 Nc6 9. Ne2 Na5 10. Nc1 Ba6 11. Nb3 Bxc4 12. Bxc4 Nxc4 13. Nxc5 b5 14. Nb3 Rc8 15. a4 Qb6 16. 0-0 bxa4 17. Nc5 0-0 18. Nxa4 Qb5 19. Qc1 Nd7 20. Rf2 Rb8 21. Nb2 Na5 22. Rb1 Rfc8 23. Be7 Rc6 24. Bh4 Rcb6 25. Qd1 Nc4 26. Ra1 Nxb2 27. Qc2 Nc4 28. Rxa7 Ne3 29. Qc1 Qb1 30. Ra1 Qxa1 31. Qxa1 Rb1+ 32. Qxb1 Rxb1+ 33. Rf1 Rxf1# 0-1

[Event "RUS-ch Blitz (Women)"]
[Site "Sochi"]
[Date "2024.10.14"]
[Round "11"]
[White "Zhapova, Yana"]
[Black "Dudkina, Uliana"]
[Result "1-0"]
[WhiteElo "2183"]
[BlackElo "1914"]
[PlyCount "61"]
[EventDate "2024.10.14"]
[EventType "swiss (blitz)"]
[EventRounds "13"]
[EventCountry "RUS"]
[SourceTitle "CB43_2024"]
[Source "Chessbase"]
[SourceDate "2024.10.23"]
[SourceVersion "1"]
[SourceVersionDate "2024.10.23"]
[SourceQuality "1"]

1. e4 c5 2. Nf3 e6 3. c3 Nf6 4. e5 Nd5 5. Bc4 d6 6. d4 cxd4 7. cxd4 Nc6 8. 0-0 Be7 9. Qe2 0-0 10. Rd1 Na5 11. Bd3 Nb4 12. Be4 d5 13. Bd3 Nxd3 14. Qxd3 Bd7 15. Nc3 Rc8 16. Bf4 Qb6 17. Qe2 Bb4 18. Rac1 Bxc3 19. bxc3 Nc4 20. Ne1 Bb5 21. Qg4 Qc7 22. Rd3 Qd7 23. Rh3 f5 24. Qh4 g6 25. Nf3 Rc7 26. Bg5 Rfc8 27. Bf6 Nb2 28. Ng5 Nd3 29. Rd1 Rxc3 30. Qxh7+ Qxh7 31. Rxh7 1-0

[Event "Cheliabinsk Kurnosov Memorial Rapid"]
[Site "Cheliabinsk"]
[Date "2024.09.07"]
[Round "3"]
[White "Vorobiov, Evgeny E"]
[Black "Zhapova, Yana"]
[Result "1-0"]
[WhiteElo "2409"]
[BlackElo "2183"]
[PlyCount "69"]
[EventDate "2024.09.07"]
[EventType "swiss (rapid)"]
[EventRounds "11"]
[EventCountry "RUS"]
[SourceTitle "EXT 2025"]
[Source "ChessBase"]
[SourceDate "2024.10.14"]
[SourceVersion "1"]
[SourceVersionDate "2024.10.14"]
[SourceQuality "1"]

1. d4 Nf6 2. c4 e6 3. Nf3 d5 4. Nc3 Nbd7 5. cxd5 exd5 6. Bf4 Bb4 7. e3 Ne4 8. Qc2 g5 9. Bg3 c6 10. Bd3 Nxg3 11. hxg3 h6 12. a3 Bd6 13. e4 dxe4 14. Nxe4 Be7 15. 0-0-0 Nb6 16. Rhe1 Nd5 17. Ne5 Kf8 18. Kb1 Be6 19. f4 Kg7 20. Qf2 f6 21. Ng6 Bg4 22. Nxe7 Nxe7 23. fxg5 Nd5 24. gxf6+ Nxf6 25. Nc5 Rf8 26. Ne6+ Bxe6 27. Rxe6 Qd5 28. Re7+ Kh8 29. Qf4 Qh5 30. Rf1 Rad8 31. g4 Qg5 32. Qxg5 hxg5 33. Rh1+ Kg8 34. Bf5 Rfe8 35. Be6+ 1-0

[Event "Wch U20 Girls Rapid"]
[Site "Tashkent"]
[Date "2024.08.04"]
[Round "9"]
[White "Zhapova, Yana"]
[Black "Shukhman, Anna"]
[Result "1/2-1/2"]
[WhiteElo "2183"]
[BlackElo "2163"]
[PlyCount "35"]
[EventDate "2024.08.02"]
[EventType "swiss (rapid)"]
[EventRounds "9"]
[EventCountry "UZB"]
[SourceTitle "CBM 221 Extra"]
[Source "ChessBase"]
[SourceDate "2024.09.30"]
[SourceVersion "1"]
[SourceVersionDate "2024.09.30"]
[SourceQuality "1"]

1. e4 c5 2. Nf3 d6 3. Bb5+ Nd7 4. 0-0 Ngf6 5. Re1 a6 6. Bxd7+ Nxd7 7. c3 g6 8. d4 Bg7 9. Be3 b5 10. Qd3 0-0 11. Nbd2 Bb7 12. a4 c4 13. Qc2 Qc7 14. Nf1 e5 15. Ng3 d5 16. dxe5 Nxe5 17. Nxe5 Bxe5 18. exd5 1/2-1/2

[Event "RUS-ch Higher League (Women) 74th"]
[Site "Nizhnij Novgorod"]
[Date "2024.06.29"]
[Round "4"]
[White "Zhapova, Yana"]
[Black "Charochkina, Daria"]
[Result "1/2-1/2"]
[WhiteElo "2217"]
[BlackElo "2294"]
[PlyCount "39"]
[EventDate "2024.06.26"]
[EventType "swiss"]
[EventRounds "9"]
[EventCountry "RUS"]
[SourceTitle "EXT 2025"]
[Source "ChessBase"]
[SourceDate "2024.10.14"]
[SourceVersion "1"]
[SourceVersionDate "2024.10.14"]
[SourceQuality "1"]

1. e4 c6 2. d4 d5 3. e5 Bf5 4. h4 h5 5. c4 e6 6. Nc3 dxc4 7. Bxc4 Nd7 8. Nge2 Be7 9. Ng3 Bg6 10. Be2 Qb6 11. Be3 Nh6 12. 0-0 Bxh4 13. d5 Qc7 14. dxe6 fxe6 15. Qb3 Nxe5 16. Bc5 Bf7 17. Nce4 Be7 18. Bxe7 Qxe7 19. Rad1 0-0 20. Bxh5 1/2-1/2

[Event "RUS-ch Higher League (Women) 74th"]
[Site "Nizhnij Novgorod"]
[Date "2024.06.27"]
[Round "2"]
[White "Pogonina, Natalija"]
[Black "Zhapova, Yana"]
[Result "1/2-1/2"]
[WhiteElo "2391"]
[BlackElo "2217"]
[PlyCount "58"]
[EventDate "2024.06.26"]
[EventType "swiss"]
[EventRounds "9"]
[EventCountry "RUS"]
[SourceTitle "EXT 2025"]
[Source "ChessBase"]
[SourceDate "2024.10.14"]
[SourceVersion "1"]
[SourceVersionDate "2024.10.14"]
[SourceQuality "1"]

1. d4 Nf6 2. c4 e6 3. Nc3 Bb4 4. e3 0-0 5. Bd3 d5 6. a3 Bxc3+ 7. bxc3 dxc4 8. Bxc4 c5 9. Nf3 Qc7 10. Be2 b6 11. Bb2 Bb7 12. 0-0 Nc6 13. c4 Rfd8 14. Re1 Rac8 15. Rc1 Ne7 16. Bd3 Be4 17. Bxe4 Nxe4 18. Qc2 Qb7 19. a4 Nf5 20. Qb3 Qe7 21. d5 exd5 22. cxd5 Nh4 23. Nxh4 Qxh4 24. Re2 Rd6 25. f3 Rh6 26. fxe4 Qxh2+ 27. Kf1 Qh1+ 28. Kf2 Qh4+ 29. Kf1 Qh1+ 1/2-1/2